| 000 | 00642nam a2200253Ia 4500 | ||
|---|---|---|---|
| 003 | OSt | ||
| 005 | 20221007100527.0 | ||
| 006 | a|||||r|||| 00| 0 | ||
| 007 | ta | ||
| 008 | 221006b |||||||| |||| 00| 0 eng d | ||
| 024 | _a4,547 | ||
| 037 | _cTextual | ||
| 040 |
_aLCO _cLCO _beng |
||
| 041 |
_2eng _aeng |
||
| 082 | _aZ2,75,15, M1 | ||
| 100 |
_aVARSHNI H P _9701812 |
||
| 245 | 0 | _aCriminal trial and judgment | |
| 250 | _a3 | ||
| 260 |
_aLucknow _bEastern book company _c1981 |
||
| 300 | _a433 | ||
| 650 |
_aCRIMINAL LAW _9601958 |
||
| 942 |
_hZ2,75,15, M1 _cTEXL |
||
| 999 |
_c1174110 _d1174110 |
||